| 000 | 00835cab a22001935a 4500 | ||
|---|---|---|---|
| 001 | L153771 | ||
| 008 | 110830e20110826xxk 000 0 eng d | ||
| 035 | _a(Sirsi) u153771 | ||
| 041 | 0 | _aeng | |
| 100 | 1 | _aLjubic, Philip | |
| 245 | 0 | 0 | _aDerivatives suggest 1.5% property return in 2012 |
| 260 | _c2011 | ||
| 490 | 0 |
_aProperty Week _v77(34) 26 August 2011, 34(1) |
|
| 520 | _aCalendar year 2012 contract has dropped by 1.5% in the last two weeks to imply a total return of 1.5% for 2012. Derivatives are showing that underlying physical property capital value growth over the next couple of years will be flat or negative. Table lists derivative activity from 1-18 August 2011. | ||
| 590 | _aKA | ||
| 651 | 4 |
_aUnited Kingdom _y |
|
| 690 | _aPROPERTY-COMMERCIAL PROPERTY-COMMERCIAL PROPERTY FINANCE AND INVESTMENT | ||
| 942 | _n0 | ||
| 999 |
_c83367 _d83367 |
||